| 000 | 01140cam a2200301 a 4500 | ||
|---|---|---|---|
| 999 |
_c284 _d284 |
||
| 001 | 14108757 | ||
| 003 | OSt | ||
| 005 | 20191007140922.0 | ||
| 008 | 050915s2007 maua 001 0 eng | ||
| 010 | _a 2005933918 | ||
| 020 | _a0618606246 | ||
| 040 |
_aDLC _cDLC _dDLC |
||
| 050 | 0 | 0 |
_aQA303.2 _b.L368 2007 |
| 082 | _a515 LAR 2007 | ||
| 100 | 1 |
_aLarson, Ron; Hostetler, Robert P.; Edwards, Bruce H. _d1941- _9758 |
|
| 245 | 1 | 0 |
_aCalculus : _bearly transcendental functions |
| 250 | _a4th ed. | ||
| 260 |
_aBoston : _bHoughton Mifflin, _cc2007. |
||
| 300 |
_axxiii, 1138, 172 p. : _bill. (some col.) ; _c28 cm. |
||
| 500 | _aIncludes index. | ||
| 650 | 0 |
_aCalculus _9759 |
|
| 856 | 4 | 2 |
_3Contributor biographical information _uhttp://www.loc.gov/catdir/enhancements/fy1104/2005933918-b.html |
| 856 | 4 | 2 |
_3Publisher description _uhttp://www.loc.gov/catdir/enhancements/fy1104/2005933918-d.html |
| 856 | 4 | 1 |
_3Table of contents only _uhttp://www.loc.gov/catdir/enhancements/fy1214/2005933918-t.html |
| 906 |
_a7 _bcbc _corignew _d3 _eepcn _f20 _gy-gencatlg |
||
| 942 |
_2z _cB_BANK |
||